Agua de mar (Record no. 125201)

MARC details
000 -LEADER
campo de control de longitud fija 00904nam a2200229 i 4500
001 - NÚMERO DE CONTROL
campo de control 125201
003 - IDENTIFICADOR DE NÚMERO DE CONTROL
campo de control ES-MaACL
005 - FECHA Y HORA DE LA ÚLTIMA TRANSACCIÓN
campo de control 20230906192557.0
007 - CAMPO FIJO DE DESCRIPCIÓN FÍSICA--INFORMACIÓN GENERAL
campo de control de longitud fija t|
008 - DATOS DE LONGITUD FIJA--INFORMACIÓN GENERAL
campo de control de longitud fija 070507s1934 sp ||||1| spa d
100 1# - ENTRADA PRINCIPAL--NOMBRE DE PERSONA
Nombre de persona Fernández Ardavín, Luis,
Fechas asociadas al nombre 1891-1962
9 (RLIN) 49469
245 10 - MENCIÓN DEL TÍTULO
Título Agua de mar
Resto del título : comedia dramática en tres actos y un epílogo, en verso /
Mención de responsabilidad, etc. Luis Fernández Ardavín ; dibujos de Antonio Merlo.
260 ## - PUBLICACIÓN, DISTRIBUCIÓN, ETC.
Lugar de publicación, distribución, etc. Madrid :
Nombre del editor, distribuidor, etc. [s.n.],
Fecha de publicación, distribución, etc. 1934 (
Fabricante Rivadeneyra)
300 ## - DESCRIPCIÓN FÍSICA
Extensión 95 p. ;
Dimensiones 17 cm.
490 1# - MENCIÓN DE SERIE
Mención de serie La Farsa ;
Designación de volumen o secuencia 354
500 ## - NOTA GENERAL
Nota general Estrenada en el Teatro Fontalba de Madrid, por la compañia de Carmen Díaz, el 7 de marzo de 1934.
500 ## - NOTA GENERAL
Nota general cubierta de este número: Carmen Díaz y Nicolás Navarro en escena de Agua de mar.
700 1# - ENTRADA AGREGADA--NOMBRE PERSONAL
Nombre de persona Merlo, Antonio.
9 (RLIN) 80579
830 0# - PUNTO DE ACCESO ADICIONAL DE SERIE-TÍTULO UNIFORME
Título uniforme La Farsa ;
Designación de volumen o secuencia 354
9 (RLIN) 185863
852 ## - LOCALIZACIÓN
Ubicación ES-MaACL
Número de control de estantería 2230-F-13
Sublocalización o colección R.140858
Holdings
Estatus retirado Estado de pérdida Estado de daño No para préstamo Colección Biblioteca de origen Biblioteca actual Ubicación en estantería Fecha de adquisición Fuente de adquisición Total de préstamos Signatura topográfica completa Código de barras Visto por última vez Precio de reemplazo Tipo de ítem Koha
        Colección de folletos Biblioteca del Ateneo de Madrid Biblioteca del Ateneo de Madrid Depósito folletos 17/01/2008     2230-F-13 1130435 23/02/2023 23/02/2023 Folleto